=LDR 00000nam 2200000 4500 =001 INLIS000000000045724 =005 20150209100619.0 =006 =007 =008 =020 ##$$a 978-979-29-3910-1 =035 ##$$0010-021500000000284 =040 ##$$a NBPDMAT =082 ##$$a 669 =090 ##$$a 669 $b Anr m =100 ##$$a Anrinal =245 ##$$a Metalurgi Fisik / $c H. anrinal =250 ##$$a Cet. 1 =260 ##$$a Yogyakarta $b Andi $c 2012 =300 ##$$a 118 hlm $b Ilus $c 21 cm =500 ##$$a Bibliografi : hal. 117-118 =650 ##$$a Metalurgi